000 00249nam a2200097Ia 4500
001 816040
005 20250826171708.0
008 250824s9999 xx 000 0 und d
245 0 _aYAZDIKLARIYLA YAŞAYANLAR
_cHASAN SARAÇ
260 _bPORTAKAL YAYINLARI
999 _c816040
_d816040